| 000 | 00941nam a2200253Ia 4500 | ||
|---|---|---|---|
| 003 | OSt | ||
| 005 | 20220923224705.0 | ||
| 006 | a|||||r|||| 00| 0 | ||
| 007 | ta | ||
| 008 | 220922b |||||||| |||| 00| 0 hin d | ||
| 024 | _a248,826 | ||
| 037 | _cTextual | ||
| 040 |
_aARTS _cARTS _bhin |
||
| 041 |
_2hin _ahin |
||
| 082 | _aO1520m32,2:g, L2 | ||
| 100 |
_aएन. आइ. नारायणन् _9168200 |
||
| 245 | 0 | _aहिन्दी और मलयालम के नाटकों का तुलनात्मक अध्ययन | |
| 246 | _aHindī aur malayālam ke nāṭakoan kā tulanātmak adhyayana | ||
| 260 |
_aमथुरा _b जवाहर पुस्तकालय _c1972 |
||
| 300 |
_a331पृ. _ccm. |
||
| 650 |
_aहिन्दी साहित्य _9156264 |
||
| 942 |
_hO1520m32,2:g, L2 _cTEXL _2CC |
||
| 999 |
_c372984 _d372984 |
||